000
00305nam a2200133Ia 4500
100
_a
Tietze/ U/ Schenk/ Ch.
942
_c
BK
654
_a
Electronics circuits
245
_a
Electronics Circuits
260
_b
Narosa Pub House
_a
New Delhi
_c
1991
082
_a
621.3815
546
_a
ENGLISH
999
_c
17791
_d
17791